Pays où le pourcentage des enfants qui travaillent est le plus élevé - Statistiques

Statistiques générales
  • Ce quiz a été pris 225 fois
  • Le résultat moyen est 6 sur 15
Statistiques - réponses
Pourcentage Pays % Correct
41,39% République Démocratique du Congo
81%
48,50% Niger
73%
43,50% Somalie
68%
55,90% Tchad
55%
45,60% Soudan du Sud
52%
62% Cameroun
51%
38,10% Guinée
50%
50,30% Burkina Faso
42%
63,92% Guinée-Bissau
39%
59,20% Sierra Leone
38%
48,90% Malawi
31%
42,83% Népal
27%
47,75% Nicaragua
9%
41,08% Kirghizistan
5%
47,80% Iles Salomon
1%
Aucun quiz correspondant
Distribution des résultats
% des personnes avec chaque résultat
Percentile par nombre de réponses
Votre historique - résultats
Vous n’avez pas pris ce quiz